The Orphan Tsunami of 1700: japanese clues to a parent earthquake in North America
Shranjeno v:
| Main Authors: | , , , , , |
|---|---|
| Format: | Knjiga |
| Jezik: | angleščina |
| Izdano: |
Seattle
University of Washington
2005
|
| Izdaja: | 1a. ed |
| Teme: | |
| Oznake: |
Označite
Brez oznak, prvi označite!
|
MARC
| LEADER | 00000cam a2200000 a 4500 | ||
|---|---|---|---|
| 001 | UCF0392 | ||
| 003 | CL-VaPUC | ||
| 008 | 120517e20050000US |||||||||||||||||eng|d | ||
| 020 | |a 9780295985350 | ||
| 082 | 0 | 4 | |a 551.2209795 |b ATW |2 21 |
| 100 | 0 | |a Atwater, Brian F |e author |9 562178 | |
| 700 | 0 | |a Musumi-Rokkaku, Satoko |e author |9 562179 | |
| 700 | 0 | |a Satake, Kenji |e author |9 562180 | |
| 700 | 0 | |a Tsuji, Yoshinobu |e author |9 562181 | |
| 700 | 0 | |a Ueda, Kazue |e author |9 562182 | |
| 700 | 0 | |a Yamaguchi, David K |e author |9 562183 | |
| 245 | 1 | 4 | |a The Orphan Tsunami of 1700: japanese clues to a parent earthquake in North America |
| 250 | |a 1a. ed | ||
| 300 | |a 133 p | ||
| 942 | |c BK | ||
| 945 | |d 20120517 00:00:00 |a cmena | ||
| 260 | |a Seattle |b University of Washington |c 2005 | ||
| 650 | 7 | |a PALEOSISMOLOGIA |2 CL-VaPUC |9 562184 | |
| 650 | 0 | |a Sismología |9 268106 | |
| 650 | 7 | |a HOLOCENO |2 CL-VaPUC |9 468169 | |
| 650 | 0 | |a Tsunamis (Maremotos) |9 333600 | |
| 650 | 7 | |a HISTORIA DE JAPON SIGLO 18 |2 CL-VaPUC |9 562185 | |
| 651 | 0 | |a Japón |9 260391 | |
| 583 | |a last modification |c 20121105 12:27:29 |k Rodrigo Vera | ||
| 999 | |c 347724 |d 347722 | ||
| 952 | |0 0 |1 0 |4 0 |6 551_220979500000000_ATW_2005 |7 0 |8 CCM |9 449246 |a BIBCUR |b BIBCUR |d 2019-11-22 |i 4866967 |l 1 |o 551.2209795 ATW 2005 |p 4866967 |r 2025-04-22 |s 2024-03-19 |w 2019-11-22 |y BK |k CIM | ||